000 00563 a2200181 4500
999 _c31984
_d31984
003 OSt
005 20260318151354.0
008 260203b ||||| |||| 00| 0 eng d
020 _a979-8-88555-962-1
040 _c.
082 _a658.785
_bR1964
100 _96546
_aRangarajan, Villivalam Rangachari
245 _aBasics of Warehouse and Inventory Management :The pillars of business logistics /
_cby Villivalam Rangachari Rangarajan
260 _bNotion Press,
_aChennai :
_c2022.
300 _a131 p.
650 0 _9103
_aBusiness logistics
942 _2ddc
_cBK